Cleveland Browns History Facts - Statistics

General Stats
  • This quiz has been taken 56 times
  • The average score is 6 of 8
Answer Stats
Hint Answer % Correct
What division are they in AFC North
96%
How many AFC Championships have they been to 3
94%
Browns all time rushing leader Jim Brown
94%
Who is the browns founder Paul Brown
89%
Biggest Rival Bengals
87%
What year did they go 0-16 2017
83%
Year invented 1946
70%
Browns nickname Dawgs
36%
No matching quizzes found
Score Distribution
Percent of People with Each Score
Percentile by Number Answered
Your Score History
You have not taken this quiz